Statistics for Europe Map Quiz

Click here to take the quiz!

General Stats

  • This quiz has been taken 2,666,071 times
  • The average score is 29 of 45

Answers on the Map

Answers color-coded by a green-red scale on the quiz's map according to % correct below.
Loading ...
 

Answer Stats

Answer% Correct
Italy
93%
Spain
92%
United Kingdom
92%
Portugal
91%
Russia
91%
France
90%
Ireland
90%
Iceland
89%
Germany
87%
Greece
86%
Norway
83%
Sweden
80%
Finland
79%
Denmark
78%
Belgium
76%
Poland
76%
Netherlands
73%
Switzerland
71%
Ukraine
70%
Luxembourg
68%
Austria
68%
Estonia
63%
Vatican City
62%
Czech Republic
62%
Latvia
58%
Belarus
56%
Croatia
56%
Romania
54%
Malta
52%
Slovakia
51%
Monaco
51%
Liechtenstein
51%
Andorra
51%
Lithuania
51%
Bulgaria
50%
San Marino
49%
Hungary
47%
Moldova
46%
Albania
44%
Serbia
44%
Bosnia and
Herzegovina
43%
Slovenia
43%
North
Macedonia
42%
Kosovo
41%
Montenegro
37%

Score Distribution

Percentile by Number Answered

Percent of People with Each Score

Your Score History

You have not taken this quiz